<Die> Interessen der Anliegerstaaten am Rhein-Main-Donau-Kanal

Saved in:
Bibliographic Details
Other Authors: Gumpel, Werner
Format: Book
Language:German
Published: München Südosteuropa-Gesellschaft 1990
Edition:1. Aufl.
Series:Südosteuropa Aktuell 8
Subjects:
Tags: Add Tag
No Tags, Be the first to tag this record!

MARC

LEADER 00000nam a2200000 4500
001 c016014
005 20221206122507.6
020 |a 3-925450-18-1 
041 0 |a ger 
044 |a DE 
245 1 0 |a <Die> Interessen der Anliegerstaaten am Rhein-Main-Donau-Kanal  |c Edit. Werner Gumpel 
250 |a 1. Aufl. 
264 1 |a München  |b Südosteuropa-Gesellschaft  |c 1990 
300 |a 70 s. 
490 1 |a Südosteuropa Aktuell  |v 8 
830 0 |a Südosteuropa Aktuell  |v 8 
610 2 0 |a doprava 
610 2 0 |a lode 
610 2 0 |a spolupráca hospodárska medzinárodná 
610 2 0 |a doprava vodná 
610 2 0 |a doprava medzinárodná 
610 2 0 |a kanály 
610 2 0 |a Rýn-Mohan-Dunaj 
700 1 |a Gumpel, Werner